Touts les pays du monde avec un W, X, Y, Z - Statistiques

Statistiques générales
  • Ce quiz a été pris 149 fois
  • Le résultat moyen est 22 sur 33
Statistiques - réponses
Indice Réponse % Correct
Z Zimbabwe
99%
Z Zambie
97%
Y Yemen
93%
Z Azerbaïdjan
78%
Z Nouvelle-Zélande
78%
Z Kazakhstan
76%
Z Ouzbekistan
76%
Z Mozambique
71%
Z Kirghizistan
68%
X Mexique
67%
Y Libye
66%
W Malawi
66%
Y Syrie
66%
Z Tanzanie
65%
Y Uruguay
65%
Z Venezuela
65%
Y Paraguay
64%
Z Belize
63%
W Botswana
63%
W Rwanda
61%
W Eswatini
60%
Y Kenya
60%
Y Égypte
58%
Y Érythrée
58%
W Taiwan
58%
X Luxembourg
56%
Y Guyana
54%
W Koweit
54%
Y Seychelles
54%
Y Royaume-Uni
53%
Y Chypre
51%
Z Bosnie-Herzégovine
50%
Y Pays-Bas
44%
Aucun quiz correspondant
Distribution des résultats
% des personnes avec chaque résultat
Percentile par nombre de réponses
Votre historique - résultats
Vous n’avez pas pris ce quiz